Songs von Billie Eilish (Sudden Death) - Statistiken

Allgemein
  • Dieses Quiz wurde 744 mal gespielt
  • Das Durchschnittsergebnis liegt bei 11 aus 15
Answers on the Grid
Answers color-coded by a green-red scale on the quiz's grid according to % correct below.
All the Good Girls Go to Hell
As It Was
Bad Guy
Bad Habits
Beautiful Things
Bellyache
Best Day Ever
Bury a Friend
Come Out and Play
Easy On Me
Emotions
Everything I Wanted
Flowers
Good 4 U
Happier Than Ever
I Don’t Care
Idontwannabeyouanymore
Lovely
Mood
More Than You Know
No Time to Die
Now and Then
Ocean Eyes
Sweet but Psycho
Sweetest Poison
True Romance
What Was I Made For?
When the Party’s Over
Wish You Were Gay
You Should See Me in a Crown
 
Antwortstatistiken
Antwort % Korrekt
Bad Guy
95%
Ocean Eyes
79%
What Was I Made For?
77%
Lovely
76%
All the Good Girls Go to Hell
75%
Happier Than Ever
75%
Bury a Friend
73%
When the Party’s Over
73%
Everything I Wanted
71%
No Time to Die
70%
Idontwannabeyouanymore
68%
You Should See Me in a Crown
67%
Bellyache
65%
Wish You Were Gay
63%
Come Out and Play
49%
Keine übereinstimmenden Quizze gefunden
Verteilung der Resultate
Anzahl Personen mit jedem Resultat
Perzentil nach korrekt beantworteten Fragen
Ihre Resultats-Entwicklung
Sie haben dieses Quiz noch nicht gespielt